Every Song by James Marriott by Lyric - Statistics

General Stats
  • This quiz has been taken 33 times
  • The average score is 20 of 32
Answer Stats
Hint Answer % Correct
I fell for someone new, but it’s just another girl that looks like you Grapes
88%
So when we were fucking, who were you thinking of? Don’t Blame Me
82%
She tells me that we’re moving, only in the wrong direction Food Poisoning
82%
And she cries her heart out Toothache
82%
Brand new apartment covered in diamonds, dear It’s Only Love
76%
A brand new addiction to not asking why Something’s Wrong
76%
Make today look easy, make it all look easy, for you Ventriloquist
76%
(Woo-hoo!) when you feel like summer’s come and gone Gold
71%
You wear my clothes way better than me Plasticine
71%
Fuck being human, switch my blood for kerosene, there it goes Sleeping on Trains
71%
What’s the point of a friend, if you’re on your own in the end? White Noise
71%
I couldn’t decide to leave your side if it killed me Why Don’t You Kill Me?
71%
The time we’ve lost watching from the inside, I’m just a man California Rain
65%
This is the last time I pick up the phone Romanticise This
65%
Won’t you say something to make this place my home? So Long
65%
I’m sick of your kind, and I know you won’t find me The Other Side
65%
I’ve made amends with the old me You Are Here
65%
Strange how no one’s here to listen in this ghost town Calling
59%
And you sicken the tone with where you’ve been Car Lights
59%
So take my advice, and then leave me alone Going Postal at the Party
59%
I’m feeling haunted, but you can come ‘round Slow Down
59%
I’d say you let me down, but he’s been here before Him
53%
Let’s take this too far til it’s all been said I Don’t Want to Live Like This
53%
I’ll say too much, but not quite enough Limbs
53%
Oh, I want you in my sleep, I can’t bear to have you next to me Over My Head
53%
Purple roads and city lights, get in the car or get left behind Where Has Everyone Gone?
53%
So just hypothetically, will you be the death of me? Denial
47%
It’s nice to meet you, can you take anymore? Pillow Fight
47%
And yet here, I wait for you to call out my name How Could I Say No?
41%
What went wrong for it to end like this? New Face
29%
Same lies undone, seeping through my lungs Wake Up
29%
‘Cause I can’t rest if I can’t sleep In Between
24%
No matching quizzes found
Score Distribution
Percent of People with Each Score
Percentile by Number Answered
Your Score History
You have not taken this quiz